00687nam a22001817a 4500999001900000005001700019010001500036020002800051035001400079037001300093082001100106245009000117260003300207270008300240300002400323942002500347952013300372 c193005d19300520221012162416.0 aENG-135371 a978781832838547c600.00 aEN-118903 bDBAD/PUB a327.54 aIndia And the world:bThrough The Eyes of Indian Diplomats/cEdited by Surendra Kumar aNew DelhibWisdom Treec2015 a4779/23, Ansari Road, Darya GanjbNew Delhie110002mwisdomtreebooks@gmail.com axi, 459p.c24cm(hb) 2ddccENmINDh327.54 001040708NFICaBNbBNd2022-10-12eDBAD/PUBg600.00l1o327.54 INDpEN-118903r2025-10-15 00:00:00s2025-10-03t1v600.00yEN